|
|
|
|
| LEADER |
00000cam a22000004a 4500 |
| 001 |
musev2_48159 |
| 003 |
MdBmJHUP |
| 005 |
20230905045014.0 |
| 006 |
m o d |
| 007 |
cr||||||||nn|n |
| 008 |
160930t20162016mau o 00 0 eng d |
| 020 |
|
|
|a 9780262335683
|
| 020 |
|
|
|z 0262529564
|
| 020 |
|
|
|z 0262335689
|
| 020 |
|
|
|z 9780262529563
|
| 035 |
|
|
|a (OCoLC)959650921
|
| 040 |
|
|
|a MdBmJHUP
|c MdBmJHUP
|
| 100 |
1 |
|
|a Westphal, Jonathan,
|d 1951-
|e author.
|
| 245 |
1 |
4 |
|a The Mind-Body Problem /
|c Jonathan Westphal.
|
| 264 |
|
1 |
|a Cambridge, MA :
|b MIT Press,
|c [2016]
|
| 264 |
|
3 |
|a Baltimore, Md. :
|b Project MUSE,
|c 2016
|
| 264 |
|
4 |
|c ©[2016]
|
| 300 |
|
|
|a 1 online resource (216 pages).
|
| 336 |
|
|
|a text
|b txt
|2 rdacontent
|
| 337 |
|
|
|a computer
|b c
|2 rdamedia
|
| 338 |
|
|
|a online resource
|b cr
|2 rdacarrier
|
| 490 |
0 |
|
|a The MIT Press essential knowledge series
|
| 505 |
0 |
|
|a The mind-body problem : background and history -- Dualist theories of mind and body -- Physicalist theories of mind -- Anti-materialism about the mind -- Science and the mind-body problem : consciousness -- Neutral theories of mind and body -- Neutral monism.
|
| 520 |
|
|
|a This book serves as an introduction to the mind-body problem, covering proposed solutions and offering a new one.
|
| 588 |
|
|
|a Description based on print version record.
|
| 650 |
|
7 |
|a Mind and body.
|2 fast
|0 (OCoLC)fst01021997
|
| 650 |
|
7 |
|a PHILOSOPHY
|x Movements
|x Humanism.
|2 bisacsh
|
| 650 |
|
0 |
|a Mind and body.
|
| 655 |
|
7 |
|a Electronic books.
|2 local
|
| 710 |
2 |
|
|a Project Muse.
|e distributor
|
| 830 |
|
0 |
|a Book collections on Project MUSE.
|
| 856 |
4 |
0 |
|z Texto completo
|u https://projectmuse.uam.elogim.com/book/48159/
|
| 945 |
|
|
|a Project MUSE - Custom Collection
|
| 945 |
|
|
|a Project MUSE - 2016 Complete
|
| 945 |
|
|
|a Project MUSE - 2016 Philosophy and Religion
|